Economic theory and operation analysis (Record no. 20914)
[ view plain ]
| 000 -LEADER | |
|---|---|
| fixed length control field | 00315nam a2200121Ia 4500 |
| 082 ## - DEWEY DECIMAL CLASSIFICATION NUMBER | |
| Classification number | 33:65.012.122 |
| Item number | BAU |
| 100 ## - MAIN ENTRY--AUTHOR NAME | |
| Personal name | BAUMOL, William J |
| 245 #0 - TITLE STATEMENT | |
| Title | Economic theory and operation analysis |
| 250 ## - EDITION STATEMENT | |
| Edition statement | Ed.2 |
| 260 ## - PUBLICATION, DISTRIBUTION, ETC. (IMPRINT) | |
| Place of publication | Delhi |
| Name of publisher | Prentice Hall |
| Year of publication | 1968 |
| 942 ## - ADDED ENTRY ELEMENTS (KOHA) | |
| Koha item type | Books |
| Withdrawn status | Lost status | Damaged status | Not for loan | Home library | Current library | Date acquired | Full call number | Accession Number | Koha item type |
|---|---|---|---|---|---|---|---|---|---|
| RRII Library | RRII Library | 16/12/2021 | 33:65.012.122 BAU | 01636 | Books |